Stay Beautiful - Taylor Swift (All Lyrics) - Statistics

General Stats
  • This quiz has been taken 102 times
    88 since last reset
  • The average score is 224 of 271
Answer Stats
Lyrics % Correct
a
98%
be
98%
beautiful,
98%
beautiful
98%
beautiful?
98%
Beautiful,
98%
I
98%
Stay
98%
stay
98%
you
98%
your
98%
You're
98%
you're
98%
And
95%
and
95%
ever
95%
know?"
95%
know?
95%
know
95%
the
95%
Don't
93%
don't
93%
every
93%
So
93%
to
93%
but
90%
He
90%
he
90%
it
90%
like
90%
little
90%
love
90%
my
90%
Oh,
90%
Oh
90%
oh
90%
that
90%
That
90%
are
88%
gonna
88%
if
88%
If
88%
it's
88%
It's
88%
piece,
88%
someone?
88%
when
88%
When
88%
as
85%
back
85%
Will
85%
eyes
83%
for
83%
I'll
83%
In
83%
in
83%
really
83%
say,
83%
anyone
80%
Cory
80%
"Does
80%
door
80%
of
80%
Ask
78%
at
78%
by
78%
Cory's
78%
day
78%
is
78%
never
78%
can
76%
find
76%
hope
76%
way
76%
way"
76%
what
76%
everything
73%
get
73%
on
73%
he's
71%
I'm
71%
life
71%
looked
71%
radio
71%
smiles,
71%
highlight
68%
him
68%
jungle
68%
you'll
68%
hold,
66%
leads
66%
They
66%
away
63%
finds
63%
front
63%
hard
63%
"Hey,
63%
knows
63%
told
63%
breath
61%
gets
61%
girls
61%
make
61%
rainy
61%
Saying,
61%
story
61%
taking
61%
walking
61%
another
59%
least
59%
mind
59%
nobody
59%
save
59%
should
59%
There's
59%
window
59%
corner
56%
La
56%
la
56%
pretty
56%
songs
56%
words
56%
conversation
54%
daydream
54%
'em
54%
home
54%
watch
54%
whispers
54%
into
51%
pictures
49%
Na
32%
na
32%
na,
32%
No matching quizzes found
Score Distribution
Percent of People with Each Score
Percentile by Number Answered
Your Score History
You have not taken this quiz since the last reset